[Event "Leverkusen-ch op"]
[Site "Leverkusen"]
[Date "2010.04.26"]
[Round "7"]
[White "Kayser, Manfred"]
[Black "Puetz, Viktor"]
[Result "1-0"]
[WhiteElo "1431"]
[BlackElo "776"]
[PlyCount "45"]
[EventDate "2010.01.18"]
[EventType "swiss"]
[EventRounds "7"]
[EventCountry "GER"]
[SourceTitle "EXT 2011"]
[Source "ChessBase"]
[SourceDate "2010.11.26"]
[SourceVersion "1"]
[SourceVersionDate "2010.11.26"]
[SourceQuality "1"]

1. d4 Nf6 2. c4 e6 3. Nc3 d5 4. Bg5 Be7 5. e3 Nc6 6. a3 0-0 7. Bd3 b6 8. Nf3 Bb7 9. cxd5 Nxd5 10. Bxe7 Ndxe7 11. 0-0 Qd7 12. Qc2 h6 13. Rad1 Nd5 14. Rfe1 Nxc3 15. bxc3 Na5 16. Ne5 Qe7 17. e4 Qxa3 18. Re3 Nc6 19. Ng4 Ba6 20. Bxa6 Qxa6 21. Rg3 Kh8 22. Qd2 h5 23. Nf6 1-0